000 00220nam a22001097a 4500
003 SGT
082 _a6.7 BLA
100 _aBLACK BOOK
245 _aWEB TECHNOLOGY
260 _aNEW DELHI
_bDREAMTECH
_c2013
942 _2ddc
_cCD
999 _c10945
_d10945